NCAA FCS Conference Champions - Colonial Athletic Association - Statistics

General Stats
  • This quiz has been taken 29 times
  • The average score is 9 of 10
Answer Stats
Year Champion(s) % Correct
2015 JMU/ Richmond/ William & Mary
100%
2009 Richmond or Villanova
100%
2012 UNH/ Richmond/ Villanova/ Towson
100%
2010 Delaware or William & Mary
95%
2016 James Madison
95%
2008 James Madison
95%
2007 UMass or Richmond
95%
2014 New Hampshire
86%
2011 Towson
81%
2013 Maine
62%
No matching quizzes found
Score Distribution
Percent of People with Each Score
Percentile by Number Answered
Your Score History
You have not taken this quiz